书目信息 |
| 题名: |
做自己的心理医生
|
|
| 作者: | 鲁芳 著 | |
| 分册: | ||
| 出版信息: | 北京 中国法制出版社 2015 |
|
| 页数: | 287页 | |
| 开本: | 24cm | |
| 丛书名: | ||
| 单 册: | ||
| 中图分类: | R395.6-49 | |
| 科图分类: | ||
| 主题词: | 心理保健--xin li bao jian--通俗读物 | |
| 电子资源: | ||
| ISBN: | 978-7-5093-5700-2 | |
| 000 | 00840nam0 2200253 450 | |
| 001 | 340224 | |
| 005 | 20150625105852.78 | |
| 010 | @a978-7-5093-5700-2@dCNY39.80 | |
| 100 | @a20141204d2015 em y0chiy50 ea | |
| 101 | 0 | @achi |
| 102 | @aCN@b110000 | |
| 105 | @ay z 000yy | |
| 106 | @ar | |
| 200 | 1 | @a做自己的心理医生@Azuo zi ji de xin li yi sheng@f鲁芳著 |
| 205 | @a第2版 | |
| 210 | @a北京@c中国法制出版社@d2015 | |
| 215 | @a287页@d24cm | |
| 330 | @a本书共分八章, 内容包括: 提问环节——让我们走进未知的心理世界;情绪自治——做优秀的情绪管理者;心理自助——告别病态心理;心灵杀手——战胜抑郁与强迫等。 | |
| 333 | @a心理学爱好者、青年读者及相关读者。 | |
| 606 | 0 | @a心理保健@Axin li bao jian@j通俗读物 |
| 690 | @aR395.6-49@v5 | |
| 701 | 0 | @a鲁芳@Alu fang@4著 |
| 801 | 0 | @aCN@b卓展宏图@c20150525 |
| 905 | @dR395.6-49@e229=2@f4 | |
| 做自己的心理医生/鲁芳著.-第2版.-北京:中国法制出版社,2015 |
| 287页;24cm |
| 使用对象:心理学爱好者、青年读者及相关读者。 |
| ISBN 978-7-5093-5700-2:CNY39.80 |
| 本书共分八章, 内容包括: 提问环节——让我们走进未知的心理世界;情绪自治——做优秀的情绪管理者;心理自助——告别病态心理;心灵杀手——战胜抑郁与强迫等。 |
| ● |
| 相关链接 |
|
|
|
|
正题名:做自己的心理医生
索取号:R395.6-49/229=2
 
预约/预借
| 序号 | 登录号 | 条形码 | 馆藏地/架位号 | 状态 | 备注 |
| 1 | 864834 | 208648347 | 第二样本阅览室/ [索取号:R395.6-49/229=2] | 在馆 | |
| 2 | 864835 | 208648356 | 第三借阅区/ [索取号:R395.6-49/229=2] | 在馆 | |
| 3 | 864836 | 208648365 | 第三借阅区/ [索取号:R395.6-49/229=2] | 在馆 | |
| 4 | 864837 | 208648374 | 第三借阅区/ [索取号:R395.6-49/229=2] | 在馆 |